| 000 | 00654nam a2200229Ia 4500 | ||
|---|---|---|---|
| 003 | OSt | ||
| 005 | 20220925232049.0 | ||
| 006 | a|||||r|||| 00| 0 | ||
| 007 | ta | ||
| 008 | 220923b |||||||| |||| 00| 0 eng d | ||
| 037 | _cGeneral Book | ||
| 040 |
_aRTL _cRTL _beng |
||
| 041 |
_2eng _aeng |
||
| 082 | _aBm73,N, K5.29-2 | ||
| 110 |
_aMATHMATICAL REVIEWS _9296582 |
||
| 245 | 0 | _aMathmatical Reviews (America) (oct 1965) | |
| 260 |
_aMichigan _bAmerica Mathmatical Society _c1965 |
||
| 300 |
_ap567-1207p _ccm. |
||
| 700 |
_aMATHMATICAL REVIEWS _9296583 |
||
| 942 |
_hBm73,N, K5.29-2 _cGB _2CC |
||
| 999 |
_c590180 _d590180 |
||